000 00278nam a22001337a 4500
008 170928b xxu||||| |||| 00| 0 eng d
020 _a042799700525
041 _aeng
080 _a37
100 _a47
101 _aEDU
245 _aKNITTING
_cKIMBROUGH, T
942 _2udc
_cBK
999 _c30377
_d30377